LIBRARY ONLINE CATALOGUE

Data structures and algorithms : (Record no. 3695)

MARC details
000 -LEADER
fixed length control field 01054cam a22002772 4500
001 - CONTROL NUMBER
control field 0000013250
005 - DATE AND TIME OF LATEST TRANSACTION
control field 20151217145901.0
008 - FIXED-LENGTH DATA ELEMENTS--GENERAL INFORMATION
fixed length control field 090720s xx 000 0 eng d
020 ## - INTERNATIONAL STANDARD BOOK NUMBER
International Standard Book Number 0471241342 :
040 ## - CATALOGING SOURCE
Original cataloging agency KABU
Transcribing agency KABU
050 #0 - LIBRARY OF CONGRESS CALL NUMBER
Classification number QA76.64
Item number .P742 1999
100 1# - MAIN ENTRY--PERSONAL NAME
Personal name Preiss, Bruno R.
-- 0000154347
245 10 - TITLE STATEMENT
Title Data structures and algorithms :
Remainder of title with object-oriented design patterns in C++. /
Statement of responsibility, etc. Bruno R. Preiss.
260 ## - PUBLICATION, DISTRIBUTION, ETC. (IMPRINT)
Place of publication, distribution, etc. New York :
Name of publisher, distributor, etc. John Wiley & Sons,
Date of publication, distribution, etc. c1999.
300 ## - PHYSICAL DESCRIPTION
Extent xvii, 660 p. :
Other physical details ill.
440 #0 - SERIES STATEMENT/ADDED ENTRY--TITLE
Title Worldwide series in computer science
-- 0000154348
504 ## - BIBLIOGRAPHY, ETC. NOTE
Bibliography, etc Includes bibliographical references (p. 648-650) and index.
650 #0 - SUBJECT ADDED ENTRY--TOPICAL TERM
Topical term or geographic name as entry element Object oriented programming (Computer science)
-- 0000148166
650 #0 - SUBJECT ADDED ENTRY--TOPICAL TERM
Topical term or geographic name as entry element C++ (Computer program language)
-- 0000154344
650 #0 - SUBJECT ADDED ENTRY--TOPICAL TERM
Topical term or geographic name as entry element Software patterns.
-- 0000154349
650 #0 - SUBJECT ADDED ENTRY--TOPICAL TERM
Topical term or geographic name as entry element Data structures (Computer science)
-- 0000148379
650 #0 - SUBJECT ADDED ENTRY--TOPICAL TERM
Topical term or geographic name as entry element Computer algorithms.
-- 0000148170
852 1# - LOCATION
-- p7493.75 KES
908 ## - PUT COMMAND PARAMETER (RLIN)
Put command parameter 090720
950 ## - LOCAL HOLDINGS (RLIN)
-- 1
Holdings
Withdrawn status Lost status Source of classification or shelving scheme Not for loan Home library Current library Date acquired Total Checkouts Total Renewals Full call number Barcode Date last seen Date last checked out Price effective from Koha item type
    Library of Congress Classification   Kabarak, Main Campus Kabarak, Main Campus 17/12/2015 9 1 QA76.64 .P742 1999 c. 1 17802 30/06/2026 30/06/2026 17/12/2015 General Collection